[Event "Lindores Abbey Tal Blitz 2021"]
[Site "Riga"]
[Date "2021.11.08"]
[Round "4.20"]
[White "Yilmaz, Mustafa"]
[Black "Svidler, Peter"]
[Result "0-1"]
[WhiteElo "2626"]
[BlackElo "2694"]
[Annotator "ChessBase"]
[PlyCount "80"]
[EventDate "2021.11.02"]
[EventType "swiss"]
[EventCountry "LAT"]
[SourceTitle "playchess.com"]
[Source "ChessBase"]
[SourceQuality "1"]

1. d4 Nf6 2. c4 g6 3. Nc3 d5 4. cxd5 Nxd5 5. e4 Nxc3 6. bxc3 Bg7 7. Be3 c5 8.
Nf3 O-O 9. Be2 b6 10. Rc1 e6 11. h4 Bb7 12. e5 Nc6 13. h5 Ne7 14. Bg5 f6 15.
exf6 Bxf6 16. Qd2 Nf5 17. hxg6 hxg6 18. Bh6 Rf7 19. Bc4 Bd5 20. Bxd5 Qxd5 21.
Bg5 Bg7 22. dxc5 bxc5 23. Qe2 Nd6 24. Rd1 Bxc3+ 25. Kf1 Bd4 26. Be3 Nf5 27.
Bxd4 cxd4 28. Kg1 Rd8 29. Qd3 e5 30. Ng5 Re7 31. Qh3 Kg7 32. g4 Kf6 33. Nh7+
Rxh7 34. Qxh7 Qf3 35. Rc1 Qxg4+ 36. Kf1 Qf3 37. Kg1 d3 38. Qc7 Rd6 39. Rh8 d2
40. Rf8+ Kg5 0-1

[Event "Lindores Abbey Tal Blitz 2021"]
[Site "Riga"]
[Date "2021.11.08"]
[Round "4.21"]
[White "Ponomariov, Ruslan"]
[Black "Firat, Burak"]
[Result "1/2-1/2"]
[WhiteElo "2633"]
[BlackElo "2480"]
[Annotator "ChessBase"]
[PlyCount "84"]
[EventDate "2021.11.02"]
[EventType "swiss"]
[EventCountry "LAT"]
[SourceTitle "playchess.com"]
[Source "ChessBase"]
[SourceQuality "1"]

1. e4 c5 2. Nf3 d6 3. d4 cxd4 4. Nxd4 Nf6 5. Nc3 a6 6. f3 e6 7. Be3 Nbd7 8. g4
h6 9. Qd2 b5 10. O-O-O Bb7 11. a3 Rc8 12. Kb1 Nb6 13. h4 Nfd7 14. Qe1 Ne5 15.
Bc1 Qc7 16. f4 Nxg4 17. Rg1 h5 18. Bh3 Nc4 19. Rd3 Qb6 20. b3 Na5 21. Bb2 Nc6
22. Nxc6 Qxc6 23. Bxg4 hxg4 24. Rxg4 a5 25. b4 axb4 26. axb4 Qc4 27. f5 e5 28.
Qe2 Qxb4 29. Nd5 Bxd5 30. Rxd5 Rc4 31. Rd3 Qc5 32. Ra3 Qc6 33. Qd3 Be7 34. Rxg7
Rxh4 35. Rg8+ Bf8 36. Qd5 Qxd5 37. exd5 Ra4 38. Rxa4 bxa4 39. Ba3 Ke7 40. Bxd6+
Kxd6 41. Rxf8 Kxd5 42. Rxf7 Rf4 1/2-1/2

[Event "Lindores Abbey Tal Blitz 2021"]
[Site "Riga"]
[Date "2021.11.08"]
[Round "4.22"]
[White "Abasov, Nijat"]
[Black "Xiong, Jeffery"]
[Result "0-1"]
[WhiteElo "2634"]
[BlackElo "2687"]
[Annotator "ChessBase"]
[PlyCount "78"]
[EventDate "2021.11.02"]
[EventType "swiss"]
[EventCountry "LAT"]
[SourceTitle "playchess.com"]
[Source "ChessBase"]
[SourceQuality "1"]

1. d4 Nf6 2. Nf3 d5 3. Bf4 c5 4. e3 Qb6 5. b3 Nc6 6. c3 g6 7. Nbd2 Bg7 8. h3
O-O 9. Be2 Bf5 10. O-O Rac8 11. Ne5 cxd4 12. cxd4 Nb4 13. a3 Nc6 14. b4 Nxe5
15. Bxe5 Bc2 16. Qc1 Bd3 17. Bxd3 Rxc1 18. Rfxc1 Nd7 19. Bc7 Qe6 20. Rc2 Rc8
21. Rac1 h6 22. Nb3 f5 23. a4 Qf7 24. a5 e5 25. dxe5 Bxe5 26. Bb5 f4 27. Bxd7
Qxd7 28. Bxe5 Rxc2 29. Rxc2 Qf5 30. Rc7 Qxe5 31. Rc8+ Kf7 32. exf4 Qe1+ 33. Kh2
Qxb4 34. Nc5 b6 35. axb6 axb6 36. Nd3 Qd4 37. Ne5+ Kf6 38. Rc6+ Kf5 39. Kg3
Qxf4# 0-1

[Event "Lindores Abbey Tal Blitz 2021"]
[Site "Riga"]
[Date "2021.11.08"]
[Round "4.24"]
[White "Kosteniuk, Alexandra"]
[Black "Adly, Ahmed"]
[Result "0-1"]
[WhiteElo "2518"]
[BlackElo "2602"]
[Annotator "ChessBase"]
[PlyCount "62"]
[EventDate "2021.11.02"]
[EventType "swiss"]
[EventCountry "LAT"]
[SourceTitle "playchess.com"]
[Source "ChessBase"]
[SourceQuality "1"]

1. e4 c6 2. Nc3 d5 3. Nf3 Bg4 4. Be2 e6 5. h3 Bh5 6. d4 Nf6 7. e5 Nfd7 8. g4
Bg6 9. h4 h6 10. h5 Bh7 11. g5 hxg5 12. Nxg5 c5 13. Bg4 cxd4 14. Nxf7 Kxf7 15.
Qf3+ Nf6 16. exf6 gxf6 17. h6 dxc3 18. Bh5+ Ke7 19. Qxc3 Nc6 20. Bg5 d4 21.
Bxf6+ Kxf6 22. Qf3+ Ke7 23. Qf7+ Kd6 24. O-O-O Qg5+ 25. Kb1 Qf5 26. Qxb7 Qxc2+
27. Ka1 Bxh6 28. Bf3 Rab8 29. Qxc6+ Qxc6 30. Bxc6 Kxc6 31. Rxh6 Bf5 0-1

[Event "Lindores Abbey Tal Blitz 2021"]
[Site "Riga"]
[Date "2021.11.08"]
[Round "4.25"]
[White "Bluebaum, Matthias"]
[Black "Ivic, Velimir"]
[Result "0-1"]
[WhiteElo "2647"]
[BlackElo "2620"]
[Annotator "TA"]
[PlyCount "109"]
[EventDate "2021.11.02"]
[EventType "swiss"]
[EventCountry "LAT"]
[SourceTitle "playchess.com"]
[Source "ChessBase"]
[SourceQuality "1"]

1. d4 Nf6 2. c4 g6 3. Nc3 d5 4. Bg5 Ne4 5. cxd5 Nxg5 6. h4 Ne4 7. Nxe4 Qxd5 8.
Nc3 Qd8 9. h5 Bg7 10. Nf3 O-O 11. e3 c5 12. dxc5 Qa5 13. Rc1 Nc6 14. Be2 Rd8
15. Qb3 Qxc5 16. h6 Bf6 17. O-O Be6 18. Qxb7 Rab8 19. Qc7 Rdc8 20. Qf4 Qf5 21.
Qxf5 gxf5 22. b3 Nb4 23. Nd4 Bd7 24. Rfd1 Rd8 25. Bf3 e5 26. Nde2 e4 27. Bh5
Nd3 28. Rb1 Be6 29. Rd2 Rdc8 30. Na4 Bg5 31. Rbd1 Bxh6 32. g3 Kf8 33. Kg2 Bg7
34. Nf4 Ne5 35. Be2 Bf6 36. Rh1 Kg8 37. Nh5 Be7 38. Nf4 Rd8 39. Rhd1 Rxd2 40.
Rxd2 Rc8 41. Nb2 Bb4 42. Rd4 Bc3 43. Ra4 Bxb2 44. Rxa7 Rc2 45. Bh5 Ng6 46. Nxe6
fxe6 47. Bd1 Rd2 48. Bh5 Ne5 49. Ra6 Nd3 50. Rxe6 Rxf2+ 51. Kh3 Bc1 52. b4 Bxe3
53. b5 Rb2 54. Re8+ Kg7 55. g4 0-1

[Event "Lindores Abbey Tal Blitz 2021"]
[Site "Riga"]
[Date "2021.11.08"]
[Round "4.26"]
[White "Zvjaginsev, Vadim"]
[Black "Meshkovs, Nikita"]
[Result "1/2-1/2"]
[WhiteElo "2609"]
[BlackElo "2557"]
[Annotator "TA"]
[PlyCount "114"]
[EventDate "2021.11.02"]
[EventType "swiss"]
[EventCountry "LAT"]
[SourceTitle "playchess.com"]
[Source "ChessBase"]
[SourceQuality "1"]

1. c4 e6 2. Nc3 d5 3. d4 a6 4. cxd5 exd5 5. Qb3 c5 6. Qxd5 cxd4 7. Qxd8+ Kxd8
8. Nd5 Be6 9. Nf4 Bf5 10. g3 Nc6 11. Bh3 Be4 12. f3 Bg6 13. Bd2 Nf6 14. Bg2 Nb4
15. Kf2 Nc2 16. Rc1 Rc8 17. Nxg6 hxg6 18. Nh3 Bd6 19. Nf4 Re8 20. Nd3 b6 21. h4
Rc7 22. Bg5 Kc8 23. Bxf6 gxf6 24. h5 gxh5 25. Rxh5 Ne3 26. Bh3+ Kd8 27. Rxc7
Bxc7 28. Nb4 Ke7 29. Nc6+ Kd6 30. Nxd4 Nd1+ 31. Ke1 Nxb2 32. Nf5+ Kc6 33. Rh6
Be5 34. f4 Bc3+ 35. Kf2 b5 36. Rh7 a5 37. Rxf7 a4 38. Bg2+ Kb6 39. Rb7+ Ka6 40.
Rxb5 Nd1+ 41. Kf3 Kxb5 42. Nd6+ Kb4 43. Nxe8 Ka3 44. Bh3 Kxa2 45. Be6+ Kb2 46.
Nd6 Bb4 47. Nc4+ Kc3 48. g4 a3 49. Nxa3 Bxa3 50. g5 fxg5 51. fxg5 Kd4 52. Kf4
Ne3 53. g6 Bf8 54. Bb3 Bh6+ 55. Kf3 Ke5 56. g7 Bxg7 57. Kxe3 Bf6 1/2-1/2

[Event "Lindores Abbey Tal Blitz 2021"]
[Site "Riga"]
[Date "2021.11.08"]
[Round "4.27"]
[White "Nihal Sarin"]
[Black "Donchenko, Alexander"]
[Result "0-1"]
[WhiteElo "2650"]
[BlackElo "2645"]
[Annotator "TA"]
[PlyCount "84"]
[EventDate "2021.11.02"]
[EventType "swiss"]
[EventCountry "LAT"]
[SourceTitle "playchess.com"]
[Source "ChessBase"]
[SourceQuality "1"]

1. d4 Nf6 2. Nf3 d5 3. e3 c5 4. h3 Nc6 5. c3 cxd4 6. exd4 Bf5 7. Bd3 Bxd3 8.
Qxd3 e6 9. Bf4 Be7 10. O-O O-O 11. Nbd2 a6 12. a4 Ne8 13. Rfe1 Bd6 14. Ne5 Nf6
15. Re2 Bxe5 16. Bxe5 Nxe5 17. Rxe5 b5 18. Ree1 Qb6 19. b4 a5 20. axb5 axb4 21.
cxb4 Rfb8 22. Rxa8 Rxa8 23. Rc1 Ne8 24. Rc6 Qb7 25. Nb3 Rb8 26. Rc5 Nd6 27. Na5
Qb6 28. Nc6 Ra8 29. Ne5 Qb7 30. f3 g6 31. Qd2 Nxb5 32. Ng4 Nd6 33. Qh6 Ne8 34.
Qf4 h5 35. Ne5 Qe7 36. b5 Qf6 37. Qe3 Nd6 38. g4 hxg4 39. hxg4 Ra1+ 40. Kg2 Qh4
41. Rc1 Ra2+ 42. Kf1 Qh3+ 0-1

[Event "Lindores Abbey Tal Blitz 2021"]
[Site "Riga"]
[Date "2021.11.08"]
[Round "4.28"]
[White "Cheparinov, Ivan"]
[Black "Ernst, Sipke"]
[Result "0-1"]
[WhiteElo "2677"]
[BlackElo "2532"]
[Annotator "TA"]
[PlyCount "152"]
[EventDate "2021.11.02"]
[EventType "swiss"]
[EventCountry "LAT"]
[SourceTitle "playchess.com"]
[Source "ChessBase"]
[SourceQuality "1"]

1. d4 d5 2. c4 c6 3. Nf3 Nf6 4. Nc3 e6 5. Bg5 h6 6. Bh4 Be7 7. e3 Nbd7 8. Bd3
O-O 9. O-O b6 10. cxd5 Nxd5 11. Bxe7 Nxe7 12. Rc1 Bb7 13. Ne4 Qc7 14. b4 Rac8
15. Qb3 Qb8 16. Rfd1 Rfd8 17. a4 Nd5 18. h3 Nf8 19. Ne5 Qa8 20. a5 Qb8 21. a6
Ba8 22. Rc2 Nd7 23. Nxd7 Rxd7 24. Rdc1 Rcc7 25. Be2 Qf8 26. Rb1 Qd8 27. Bf3 Qe7
28. Nd2 e5 29. dxe5 Qxe5 30. Nc4 Qe7 31. Rd2 Qd8 32. Rbd1 Nf6 33. Nd6 Nd5 34.
Nf5 Nf6 35. Nd6 Nd5 36. Bxd5 cxd5 37. Nb5 Rc6 38. Nd4 Rc8 39. Rc2 Rdc7 40. Rdc1
Rc4 41. Rxc4 dxc4 42. Rxc4 Rxc4 43. Qxc4 Bd5 44. Qc3 Qg5 45. f3 Kh7 46. b5 Qg6
47. e4 Be6 48. Kf2 Bd7 49. Qc4 Qf6 50. Qd5 Be6 51. Qd6 h5 52. Ke3 Qg5+ 53. Qf4
Qc5 54. Qb8 Qc3+ 55. Kf4 Qxd4 56. Qxa7 h4 57. Qc7 Qd2+ 58. Ke5 Qxg2 59. Kd6
Qxf3 60. a7 Qxe4 61. Qc6 Qf4+ 62. Ke7 Qg5+ 63. Ke8 Bd5 64. Qc2+ Qg6 65. Qf2
Qe6+ 66. Kf8 Qd6+ 67. Ke8 Qe5+ 68. Kf8 g5 69. Qxb6 Qh8+ 70. Ke7 Qe5+ 71. Kf8
Qe4 72. Qf6 Qb4+ 73. Ke8 Qxb5+ 74. Kd8 Qa5+ 75. Kc8 Qxa7 76. Qxg5 Be6+ 0-1

[Event "Lindores Abbey Tal Blitz 2021"]
[Site "Riga"]
[Date "2021.11.08"]
[Round "4.29"]
[White "Zhou, Jianchao"]
[Black "Grandelius, Nils"]
[Result "1-0"]
[WhiteElo "2616"]
[BlackElo "2669"]
[Annotator "TA"]
[PlyCount "81"]
[EventDate "2021.11.02"]
[EventType "swiss"]
[EventCountry "LAT"]
[SourceTitle "playchess.com"]
[Source "ChessBase"]
[SourceQuality "1"]

1. d4 d5 2. c4 e6 3. Nc3 a6 4. cxd5 exd5 5. Nf3 h6 6. Bf4 Nf6 7. e3 Bd6 8. Bxd6
Qxd6 9. Bd3 Bg4 10. h3 Bxf3 11. Qxf3 Nbd7 12. O-O-O O-O-O 13. Kb1 Kb8 14. g4 c6
15. Rhg1 Qe7 16. Qg3+ Ka7 17. Rge1 Nb6 18. a3 Ne4 19. Bxe4 dxe4 20. Qe5 Qxe5
21. dxe5 Rde8 22. Nxe4 Rxe5 23. Nd6 f6 24. Nf7 Rhe8 25. Nxe5 Rxe5 26. f4 Rb5
27. Re2 Nd5 28. Ka2 Rc5 29. Rf1 g5 30. fxg5 hxg5 31. Rf5 Rc4 32. e4 Nf4 33. Re3
Ng2 34. Rb3 Rxe4 35. Rxf6 Re7 36. Rf5 Rg7 37. a4 Kb8 38. a5 Kc7 39. Rbf3 Kd6
40. Rf7 Rg8 41. Rxb7 1-0

[Event "Lindores Abbey Tal Blitz 2021"]
[Site "Riga"]
[Date "2021.11.08"]
[Round "4.30"]
[White "Miezis, Normunds"]
[Black "Moussard, Jules"]
[Result "0-1"]
[WhiteElo "2446"]
[BlackElo "2632"]
[Annotator "TA"]
[PlyCount "63"]
[EventDate "2021.11.02"]
[EventType "swiss"]
[EventCountry "LAT"]
[SourceTitle "playchess.com"]
[Source "ChessBase"]
[SourceQuality "1"]

1. c4 f5 2. Nc3 Nf6 3. d3 e5 4. e4 Nc6 5. g3 Bc5 6. Bg2 d6 7. Nge2 a6 8. O-O
O-O 9. exf5 Bxf5 10. Ne4 Nxe4 11. dxe4 Bg4 12. Qd3 Qf6 13. Kh1 Qxf2 14. Rxf2
Rxf2 15. Qd5+ Kh8 16. Ng1 Raf8 17. Bg5 h6 18. h3 Nb4 19. Qxb7 Bc8 20. Qxc7 hxg5
21. Nf3 Bxh3 22. Bxh3 R2xf3 23. Bf5 Nd3 24. Kg2 Rf2+ 25. Kh3 Rxb2 26. Kg4 Nf2+
27. Kxg5 Be3+ 28. Kh4 Bb6 29. Qxd6 Bd8+ 30. Kh5 Kg8 31. Be6+ Kh7 32. Bf5+ 0-1

[Event "Lindores Abbey Tal Blitz 2021"]
[Site "Riga"]
[Date "2021.11.08"]
[Round "4.31"]
[White "Dzagnidze, Nana"]
[Black "Ponkratov, Pavel"]
[Result "0-1"]
[WhiteElo "2524"]
[BlackElo "2662"]
[Annotator "TA"]
[PlyCount "84"]
[EventDate "2021.11.02"]
[EventType "swiss"]
[EventCountry "LAT"]
[SourceTitle "playchess.com"]
[Source "ChessBase"]
[SourceQuality "1"]

1. d4 Nf6 2. c4 e5 3. dxe5 Ng4 4. Bf4 g5 5. Bc1 Nxe5 6. e4 Nbc6 7. Nc3 Bg7 8.
Be2 d6 9. Be3 g4 10. h3 h5 11. Qd2 Be6 12. Nd5 Qd7 13. hxg4 hxg4 14. Rxh8+ Bxh8
15. f4 gxf3 16. gxf3 f5 17. f4 Ng4 18. Bxg4 fxg4 19. Ne2 O-O-O 20. O-O-O Qh7
21. f5 Bxd5 22. cxd5 Ne5 23. Qc2 Kb8 24. Nd4 a6 25. Kb1 g3 26. Ne6 Rg8 27. Rc1
Rc8 28. Qd1 Nd7 29. Qh1 Qg8 30. Qh3 Nf6 31. Qg2 Qg4 32. Bf4 Nh5 33. Be3 Be5 34.
Rf1 Rh8 35. Qc2 Rc8 36. Rg1 Nf6 37. a3 Nxe4 38. Ka2 Nf6 39. Qd3 Rg8 40. Rc1 Qe4
41. Qxe4 Nxe4 42. Rxc7 g2 0-1

[Event "Lindores Abbey Tal Blitz 2021"]
[Site "Riga"]
[Date "2021.11.08"]
[Round "4.32"]
[White "Movsesian, Sergei"]
[Black "Saduakassova, Dinara"]
[Result "1-0"]
[WhiteElo "2618"]
[BlackElo "2491"]
[Annotator "TA"]
[PlyCount "41"]
[EventDate "2021.11.02"]
[EventType "swiss"]
[EventCountry "LAT"]
[SourceTitle "playchess.com"]
[Source "ChessBase"]
[SourceQuality "1"]

1. e4 e5 2. Nf3 Nc6 3. g3 Nf6 4. d3 d5 5. exd5 Nxd5 6. Bg2 f6 7. O-O Be6 8. Nc3
Qd7 9. d4 Nxc3 10. bxc3 O-O-O 11. Be3 Bd5 12. Qe2 g5 13. c4 Bxf3 14. Qxf3 exd4
15. Bd2 Bc5 16. Rab1 g4 17. Qb3 b6 18. Qb5 Nb8 19. Qxc5 f5 20. Bf4 h5 21. Qd5
1-0

[Event "Lindores Abbey Tal Blitz 2021"]
[Site "Riga"]
[Date "2021.11.08"]
[Round "4.33"]
[White "Javakhishvili, Lela"]
[Black "Adhiban, B.."]
[Result "0-1"]
[WhiteElo "2446"]
[BlackElo "2672"]
[Annotator "TA"]
[PlyCount "72"]
[EventDate "2021.11.02"]
[EventType "swiss"]
[EventCountry "LAT"]
[SourceTitle "playchess.com"]
[Source "ChessBase"]
[SourceQuality "1"]

1. d4 Nf6 2. Nf3 g6 3. Bg5 Bg7 4. e3 h6 5. Bh4 d6 6. Nbd2 O-O 7. Bc4 Qe8 8. O-O
e5 9. a4 a5 10. c3 Nbd7 11. Qc2 e4 12. Ne1 d5 13. Ba2 b6 14. Bg3 Ba6 15. c4 Rc8
16. cxd5 Bxf1 17. Kxf1 Qe7 18. Rc1 Kh7 19. Qb3 Ne8 20. Rc6 Nb8 21. Rc3 Nd6 22.
Nc4 Na6 23. Nxd6 cxd6 24. Qxb6 Nb4 25. Bxd6 Qf6 26. Bb3 Rb8 27. Qxb8 Rxb8 28.
Bxb8 Qa6+ 29. Bc4 Qb7 30. Bg3 Nxd5 31. Rb3 Qc6 32. Bb5 Qc1 33. Be2 Bf8 34. Rb5
Bb4 35. f3 Nxe3+ 36. Kf2 Bxe1+ 0-1

[Event "Lindores Abbey Tal Blitz 2021"]
[Site "Riga"]
[Date "2021.11.08"]
[Round "4.34"]
[White "Kuybokarov, Temur"]
[Black "Kryvoruchko, Yuriy"]
[Result "0-1"]
[WhiteElo "2549"]
[BlackElo "2681"]
[Annotator "RC"]
[PlyCount "57"]
[EventDate "2021.11.02"]
[EventType "swiss"]
[EventCountry "LAT"]
[SourceTitle "playchess.com"]
[Source "ChessBase"]
[SourceQuality "1"]

1. e4 e5 2. Nf3 Nc6 3. Bb5 a6 4. Ba4 Nf6 5. O-O Be7 6. Bxc6 dxc6 7. Qe1 Nd7 8.
d4 exd4 9. Nxd4 O-O 10. Nf5 Re8 11. Be3 Bf6 12. Nc3 Ne5 13. Rd1 Bd7 14. f4 Nc4
15. e5 Qc8 16. Qg3 Bxf5 17. exf6 Bg6 18. Bd4 Qf5 19. fxg7 Rad8 20. b3 Nb2 21.
Rd2 c5 22. Be3 Rxd2 23. Bxd2 Qxc2 24. Nb1 Qd3 25. f5 Bxf5 26. Qxc7 Bg6 27. Qxc5
Qe2 28. Qd4 Bxb1 29. Qc5 0-1

[Event "Lindores Abbey Tal Blitz 2021"]
[Site "Riga"]
[Date "2021.11.08"]
[Round "4.35"]
[White "Oparin, Grigoriy"]
[Black "Lujan, Carolina"]
[Result "1-0"]
[WhiteElo "2659"]
[BlackElo "2340"]
[Annotator "TA"]
[PlyCount "30"]
[EventDate "2021.11.02"]
[EventType "swiss"]
[EventCountry "LAT"]
[SourceTitle "playchess.com"]
[Source "ChessBase"]
[SourceQuality "1"]

1. c4 Nf6 2. Nc3 d5 3. cxd5 Nxd5 4. g3 g6 5. Bg2 Nxc3 6. bxc3 Bg7 7. h4 h5 8.
d4 c5 9. Nf3 O-O 10. O-O Nc6 11. e3 Be6 12. Ng5 Bc4 13. Re1 Qa5 14. Bd2 e6 15.
Rb1 Qxa2 1-0

[Event "Lindores Abbey Tal Blitz 2021"]
[Site "Riga"]
[Date "2021.11.08"]
[Round "4.36"]
[White "Esipenko, Andrey"]
[Black "Divya Deshmukh"]
[Result "1-0"]
[WhiteElo "2713"]
[BlackElo "2310"]
[Annotator "TA"]
[PlyCount "63"]
[EventDate "2021.11.02"]
[EventType "swiss"]
[EventCountry "LAT"]
[SourceTitle "playchess.com"]
[Source "ChessBase"]
[SourceQuality "1"]

1. e4 c5 2. Nf3 d6 3. Bb5+ Nd7 4. Be2 Ngf6 5. Nc3 g6 6. d4 cxd4 7. Nxd4 Bg7 8.
Be3 a6 9. a4 Qc7 10. O-O b6 11. Nd5 Nxd5 12. exd5 Bb7 13. c4 O-O 14. Rc1 Rae8
15. Qc2 e5 16. dxe6 fxe6 17. Rfd1 Qb8 18. Bg4 Bxd4 19. Bxd4 Nf6 20. Be2 e5 21.
Be3 Be4 22. Qd2 Rd8 23. f3 Bc6 24. Qb4 d5 25. cxd5 Nxd5 26. Qb3 Qb7 27. Rxc6
Qxc6 28. Bc4 Kg7 29. Bxd5 Qf6 30. Be4 Rxd1+ 31. Qxd1 Rd8 32. Qc1 1-0

[Event "Lindores Abbey Tal Blitz 2021"]
[Site "Riga"]
[Date "2021.11.08"]
[Round "4.37"]
[White "Melia, Salome"]
[Black "Kuzubov, Yuriy"]
[Result "0-1"]
[WhiteElo "2371"]
[BlackElo "2637"]
[Annotator "TA"]
[PlyCount "32"]
[EventDate "2021.11.02"]
[EventType "swiss"]
[EventCountry "LAT"]
[SourceTitle "playchess.com"]
[Source "ChessBase"]
[SourceQuality "1"]

1. e4 e5 2. Nf3 Nf6 3. Nxe5 d6 4. Nf3 Nxe4 5. Qe2 Qe7 6. d3 Nf6 7. d4 Bg4 8.
Qxe7+ Bxe7 9. Be2 c5 10. Nc3 Nc6 11. dxc5 dxc5 12. Bf4 O-O-O 13. O-O h6 14. h3
Bf5 15. Ne5 Nxe5 16. Bxe5 Bd6 0-1

[Event "Lindores Abbey Tal Blitz 2021"]
[Site "Riga"]
[Date "2021.11.08"]
[Round "4.38"]
[White "Padmini, Rout"]
[Black "Demchenko, Anton"]
[Result "0-1"]
[WhiteElo "2353"]
[BlackElo "2655"]
[Annotator "TA"]
[PlyCount "76"]
[EventDate "2021.11.02"]
[EventType "swiss"]
[EventCountry "LAT"]
[SourceTitle "playchess.com"]
[Source "ChessBase"]
[SourceQuality "1"]

1. Nf3 Nf6 2. g3 g6 3. Bg2 Bg7 4. O-O O-O 5. d4 d6 6. b3 b5 7. a4 b4 8. Ne1 c6
9. a5 Bd7 10. Qd3 Qc8 11. e4 Bh3 12. Bb2 Bxg2 13. Kxg2 Na6 14. Nd2 Rd8 15. f4
Nd7 16. Nef3 c5 17. Nc4 cxd4 18. Bxd4 Nac5 19. Qe3 Qb7 20. Bxg7 Kxg7 21. Rfe1
Rac8 22. Re2 Nf6 23. Nfd2 d5 24. exd5 Nxd5 25. Qf3 e6 26. Rae1 Qc7 27. Rf2 Nb7
28. a6 Nd6 29. Nxd6 Qxd6 30. Nc4 Qxa6 31. g4 Qc6 32. f5 exf5 33. gxf5 Nf6 34.
Qxc6 Rxc6 35. Re7 Rd7 36. Rxd7 Nxd7 37. Rd2 Nb6 38. fxg6 Nxc4 0-1

[Event "Lindores Abbey Tal Blitz 2021"]
[Site "Riga"]
[Date "2021.11.08"]
[Round "4.39"]
[White "Henriquez Villagra, Cristobal"]
[Black "Arakhamia-Grant, Ketevan"]
[Result "1/2-1/2"]
[WhiteElo "2608"]
[BlackElo "2362"]
[Annotator "TA"]
[PlyCount "118"]
[EventDate "2021.11.02"]
[EventType "swiss"]
[EventCountry "LAT"]
[SourceTitle "playchess.com"]
[Source "ChessBase"]
[SourceQuality "1"]

1. b3 Nf6 2. Bb2 g6 3. Nf3 Bg7 4. e3 O-O 5. Be2 d6 6. d4 a5 7. Nc3 Nbd7 8. O-O
e5 9. dxe5 dxe5 10. e4 Re8 11. Bc4 h6 12. a4 c6 13. Qd2 Qc7 14. Rad1 Nb6 15.
Bd3 Bg4 16. Qe3 Nbd7 17. h3 Bxf3 18. Qxf3 Nc5 19. Rd2 Rad8 20. Rfd1 Nh7 21. h4
Nxd3 22. Rxd3 Nf8 23. Ba3 Ne6 24. Bd6 Qb6 25. Ne2 Nd4 26. Nxd4 exd4 27. Bf4 c5
28. Re1 Qc6 29. Rdd1 h5 30. Bg5 Rd6 31. Qd3 Rde6 32. f3 f5 33. Qc4 Kh7 34. Bd2
fxe4 35. fxe4 b6 36. Qb5 Qxb5 37. axb5 Rxe4 38. Rxe4 Rxe4 39. Bg5 Kg8 40. Kf2
Kf7 41. Kf3 Re6 42. Rf1 Ke8 43. Rd1 Bf8 44. Rd2 Bd6 45. Re2 Kf7 46. Rxe6 Kxe6
47. Bd8 Be7 48. Bxb6 Kd5 49. Bxa5 Bxh4 50. Bc7 Bf6 51. Ke2 g5 52. Kd3 h4 53.
Bb8 g4 54. Bf4 Be5 55. Bxe5 Kxe5 56. Ke2 Kd5 57. Kf2 Ke5 58. Ke2 Kd5 59. Kf2
Ke5 1/2-1/2

[Event "Lindores Abbey Tal Blitz 2021"]
[Site "Riga"]
[Date "2021.11.08"]
[Round "4.40"]
[White "Saric, Ivan"]
[Black "Buksa, Nataliya"]
[Result "1/2-1/2"]
[WhiteElo "2665"]
[BlackElo "2410"]
[Annotator "TA"]
[PlyCount "154"]
[EventDate "2021.11.02"]
[EventType "swiss"]
[EventCountry "LAT"]
[SourceTitle "playchess.com"]
[Source "ChessBase"]
[SourceQuality "1"]

1. Nf3 d5 2. g3 g6 3. Bg2 Bg7 4. O-O e5 5. c4 Ne7 6. cxd5 Nxd5 7. Nc3 O-O 8. h4
Nc6 9. Nxe5 Nxc3 10. Nxc6 Nxd1 11. Nxd8 Nxb2 12. Bxb2 Rxd8 13. Bxg7 Kxg7 14. d3
Rb8 15. Rfc1 c6 16. Rab1 Bd7 17. a4 Rdc8 18. d4 a5 19. Rb6 Rc7 20. Rc5 Ra8 21.
d5 Ra7 22. e4 Rc8 23. d6 f6 24. f4 Kf7 25. e5 fxe5 26. fxe5 Be6 27. Rc2 Re8 28.
Rf2+ Kg7 29. Rb1 Bd7 30. Rbf1 Be6 31. Rf6 Bc4 32. d7 Rd8 33. e6 Bxf1 34. e7
Raa8 35. exd8=Q Rxd8 36. Rxf1 Rxd7 37. Rc1 Rd4 38. Rb1 Rd7 39. Kf2 Kf6 40. Ke3
Ke5 41. Bf3 Re7 42. Be4 Kd6 43. Kd4 Kc7 44. Rf1 Rd7+ 45. Ke3 Re7 46. Rf6 Kb6
47. Kd4 Rd7+ 48. Kc4 Rd1 49. Rf7 Rg1 50. Rf3 Ra1 51. Bc2 Rc1 52. Kb3 Kc5 53.
Rf7 b5 54. axb5 cxb5 55. Rxh7 a4+ 56. Kb2 Rg1 57. Rc7+ Kb4 58. Rc3 Rg2 59. Re3
Kc4 60. Re4+ Kc5 61. g4 b4 62. Kb1 Rg1+ 63. Kb2 Rg2 64. Re5+ Kd4 65. Re4+ Kc5
66. Kc1 b3 67. Bd1 Kb5 68. g5 Rg3 69. Re6 a3 70. Re8 b2+ 71. Kb1 Rg1 72. Rd8
Rh1 73. Ka2 Kb4 74. Rb8+ Kc3 75. Rc8+ Kb4 76. Rb8+ Kc3 77. Rc8+ Kb4 1/2-1/2

[Event "Lindores Abbey Tal Blitz 2021"]
[Site "Riga"]
[Date "2021.11.08"]
[Round "4.41"]
[White "Vachier-Lagrave, Maxime"]
[Black "Rogule, Laura"]
[Result "1-0"]
[WhiteElo "2766"]
[BlackElo "2289"]
[Annotator "TA"]
[PlyCount "68"]
[EventDate "2021.11.02"]
[EventType "swiss"]
[EventCountry "LAT"]
[SourceTitle "playchess.com"]
[Source "ChessBase"]
[SourceQuality "1"]

1. Nf3 d5 2. g3 c6 3. Bg2 Nf6 4. O-O Bg4 5. h3 Bxf3 6. Bxf3 e5 7. d3 Nbd7 8.
Nd2 Bc5 9. e4 dxe4 10. dxe4 O-O 11. c3 a5 12. Qe2 a4 13. Nc4 b5 14. Ne3 Re8 15.
Kh2 Bf8 16. Rd1 Qc7 17. Nf5 g6 18. Nh6+ Kg7 19. h4 Nc5 20. Ng4 Nxg4+ 21. Bxg4
Rad8 22. Bg5 Rxd1 23. Rxd1 h6 24. Be3 Rd8 25. h5 Rxd1 26. Qxd1 Nxe4 27. hxg6
fxg6 28. Qd3 Nf6 29. Bf3 Be7 30. Kg2 a3 31. bxa3 Bxa3 32. c4 Be7 33. cxb5 cxb5
34. Qxb5 Bd6 1-0

[Event "Lindores Abbey Tal Blitz 2021"]
[Site "Riga"]
[Date "2021.11.08"]
[Round "4.42"]
[White "Harika, Dronavalli"]
[Black "Sarana, Alexey"]
[Result "0-1"]
[WhiteElo "2511"]
[BlackElo "2656"]
[Annotator "TA"]
[PlyCount "58"]
[EventDate "2021.11.02"]
[EventType "swiss"]
[EventCountry "LAT"]
[SourceTitle "playchess.com"]
[Source "ChessBase"]
[SourceQuality "1"]

1. e4 c5 2. Nc3 d6 3. d4 cxd4 4. Qxd4 Nc6 5. Qd2 g6 6. b3 Bh6 7. f4 f5 8. Bb2
Nf6 9. O-O-O Qa5 10. Kb1 fxe4 11. h3 Be6 12. g4 Bg7 13. Nge2 Rc8 14. Bg2 d5 15.
f5 Bf7 16. Nf4 gxf5 17. gxf5 Bh6 18. Rhf1 Rg8 19. Bh1 Rg3 20. Ncxd5 Qxd2 21.
Nxf6+ exf6 22. Rxd2 e3 23. Re2 Nb4 24. Ne6 Bh5 25. Rg2 e2 26. Rxe2 Bxe2 27. Re1
Nxc2 28. Bxb7 Nxe1 29. Bxc8 Bd3+ 0-1

[Event "Lindores Abbey Tal Blitz 2021"]
[Site "Riga"]
[Date "2021.11.08"]
[Round "4.43"]
[White "Petrosyan, Manuel"]
[Black "Shuvalova, Polina"]
[Result "1-0"]
[WhiteElo "2599"]
[BlackElo "2515"]
[Annotator "TA"]
[PlyCount "77"]
[EventDate "2021.11.02"]
[EventType "swiss"]
[EventCountry "LAT"]
[SourceTitle "playchess.com"]
[Source "ChessBase"]
[SourceQuality "1"]

1. Nf3 Nf6 2. c4 e6 3. Nc3 d5 4. e3 c5 5. d4 Nc6 6. cxd5 Nxd5 7. Bd3 cxd4 8.
exd4 Be7 9. O-O h6 10. Qe2 Nf6 11. Be3 O-O 12. Rad1 b6 13. Ne5 Bb7 14. Bb1 Rc8
15. a3 Bd6 16. Qc2 Ne7 17. Qd3 Nf5 18. Rfe1 Ba8 19. Bf4 Qc7 20. Qh3 Qb7 21. d5
Rxc3 22. bxc3 Nxd5 23. Bc1 Qc7 24. c4 Nde7 25. Bb2 Rc8 26. g4 f6 27. gxf5 Bxe5
28. Bxe5 fxe5 29. f6 Nf5 30. Bxf5 exf5 31. Qxf5 Qc6 32. Rd5 Rf8 33. f7+ Kh8 34.
f3 Qxc4 35. Rdxe5 Qd4+ 36. Kg2 Bc6 37. Re8 Bxe8 38. fxe8=Q Qd2+ 39. Kh3 1-0